Cool tech tools for lower tech teachers 20 tactics for every classroom
Guardat en:
| Autor principal: | |
|---|---|
| Format: | Llibre |
| Idioma: | anglès |
| Publicat: |
Corwin, Press
2013
|
| Etiquetes: |
Afegir etiqueta
Sense etiquetes, Sigues el primer a etiquetar aquest registre!
|
MARC
| LEADER | 00000nam a22000007a 4500 | ||
|---|---|---|---|
| 008 | 210119b ||||| |||| 00| 0 eng d | ||
| 020 | |a 978-1-4522-3553-0 | ||
| 100 | |a BENDER, William N |a Waller, Laura B. | ||
| 245 | |a Cool tech tools for lower tech teachers |b 20 tactics for every classroom |c William N. Bender, Laura B. Waller |g viii, 233p.: ill | ||
| 260 | |b Corwin, Press |c 2013 |h Thousand Oaks, California |i 692725 |l LB1044.87 .B43 |m Internet in education |m Educational technology |m Computer-assisted instruction | ||
| 500 | |a “It includes references and index | ||
| 942 | |a lcc |c BK |e O.A.JOHNSON |f 19/01/21 | ||
| 952 | |0 0 |1 0 |2 lcc |4 0 |7 0 |9 1238 |a ED |b HOL |c LP |d 2021-01-19 |o LB1044.87 .B43 |p 2021-0054 |r 2021-01-19 00:00:00 |w 2021-01-19 |y BK | ||
| 952 | |0 0 |1 0 |2 lcc |4 0 |7 0 |9 1239 |a HOL |b HOL |c LP |d 2021-01-19 |o LB1044.87 .B43 |p 2021-0055 |r 2021-01-19 00:00:00 |w 2021-01-19 |y BK | ||
| 999 | |c 644 |d 644 | ||